| 000 | 03329nab a2200289 i 4500 | ||
|---|---|---|---|
| 003 | BR-BrBNA | ||
| 005 | 20250217100809.0 | ||
| 008 | 250217b2013 bl.qr|pooa||| 00| 0 por | | ||
| 040 |
_aBR-BrBNA _bpor |
||
| 072 | _aF03 | ||
| 072 | _aK10 | ||
| 072 | _aF62 | ||
| 100 | _aLamarca, Edmir Vicente | ||
| 100 | _aBonjovani, Marcio Roberto | ||
| 100 | _aFaria, José Marcio Rocha | ||
| 100 | _aBarbedo, Claudio José | ||
| 245 | _aGerminação em temperatura sub-ótima de embriões de Inga vera subsp. affinis obtidos sob diferentes condições ambientais | ||
| 500 | _aPublicação on-line; 36 ref.; 5 tables; Summaries (En, Pt) | ||
| 520 | _a Resumo As condições hídricas e térmicas do ambiente durante a formação das sementes podem condicionar diversas respostas fisiológicas, como a exigência térmica para a germinação. Neste trabalho analisou-se a germinação de embriões de Inga vera subsp. affinis de origens distintas em resposta a diferentes temperaturas, incluindo-se o cálculo dos graus-dia e da chuva acumulada durante o desenvolvimento e maturação. Os embriões foram obtidos de frutos maduros de matrizes localizadas em São Paulo e Minas Gerais e analisados quanto ao teor de água, conteúdo de massa seca e germinação. Os resultados demonstram variações nas respostas germinativas entre as origens dos materiais, sob temperatura sub-ótima. Dependendo da origem os embriões de I.vera subsp. affinis germinam a partir de 10°C ou 15°C e apresentam melhor desempenho em tempo a partir de 20°C ou 25°C. Tais variações podem estar associadas, entre outros fatores, às condições do ambiente de formação e ao grau de maturidade das sementes no momento da dispersão. Palavras-chave: graus-dia, sementes florestais, Leguminosae. Abstract Physiological responses like the thermal requirements for germination may be influenced during seed forma- tion by environmental conditions such as water availability and temperature. Here we analyzed germination of embryos of Inga vera subsp. affinis from different sources in response to various temperature regimes, including calculation of degree days and accumulated rainfall during development and maturation. Embryos were taken from ripe fruits collected on trees located in São Paulo and Minas Gerais, and were analyzed as to germination, water content and dry matter content. The results showed that the origin of the embryos was related to variation in response under sub-optimal temperatures. Depending on the origin, I.vera subsp. affinis embryos were able to germinate even at low temperatures (10 to 15°C), with better performance attained from 20 to 25°C. This variation may be associated, among other factors, to environmental conditions during maturation and to the maturation stage at seed dispersal. Key words: degree-day, forest seeds, Leguminosae. | ||
| 650 | _aSEMENTE FLORESTAL | ||
| 650 | _aLEGUMINOSAE | ||
| 650 | _aGERMINAÇÃO | ||
| 773 | 0 |
_0709 _9348387 _dRio de Janeiro-RJ Jardim Botanico do Rio de Janeiro 1935 _o2025-0880 _tRodriguésia (Brazil) _x0370-6583; 2175-7860 on-line _gv. 64(4) p. 877-885; (2013) _wBR2024004169 |
|
| 856 | _uhttps://www.scielo.br/j/rod/a/SP3KM8c3HPbxvFhvYcZ44zh/?format=pdf&lang=pt | ||
| 942 | _cANA | ||
| 999 |
_c330001 _d330001 |
||